Vysoké Tatry turistická mapa

Bibliographic Details
Corporate Author: Vojenský kartografický ústav (Harmanec, Slovensko) (Author)
Format: Map
Language:Slovak
German
PhysicalDescription:1 mapa v plastovom púzdre fareb. 101 x 58 cm, zložená na 21 x 14 cm 1 text. príl. (62 s.)
Published: Harmanec VKÚ 2004
ISBN:808042411X
Edition:9. vyd.
Series:Edícia turistických máp
Subjects:

MARC

LEADER 00000nem a2200000 a 4500
001 vtls001475806
003 SK-MaSNL
005 20260302073549.0
007 aj cazzn
008 180907s2004 xo ag a 0 slo
015 |a SNBC2004/04-01847 
020 |a 808042411X 
035 |a SNK000431107 
040 |a SNK  |b slo  |c SNK  |e AACR2 
041 0 |a slo  |a ger 
043 |a e-xo-- 
044 |a xo  |c SK 
072 7 |a 912  |x Mapy. Atlasy  |2 konspekt 
080 |a 796.5(234.372.4)(084.3)=00  |2 1981 
080 |a 908(437.6)  |2 1981 
080 |a 91(437.6)  |2 1981 
080 |a 912.43:796.5  |2 1981 
080 |a 91(234.372.4)  |2 1981 
080 |a (084.3)  |2 1981 
110 2 |a Vojenský kartografický ústav (Harmanec, Slovensko)  |4 aut  |4 pbl  |9 32777 
245 1 0 |a Vysoké Tatry  |h kartografický dokument  |b turistická mapa  |c ... spracovala VKÚ 
250 |a 9. vyd. 
255 |a Mierka 1:50 000 
260 |a Harmanec  |b VKÚ  |c 2004 
300 |a 1 mapa v plastovom púzdre  |b fareb.  |c 101 x 58 cm, zložená na 21 x 14 cm  |e 1 text. príl. (62 s.) 
490 1 |a Edícia turistických máp ;  |v 113 
500 |a Text. príl. aj v nemčine 
500 |a Obsahuje graf. mierku, vysvetl. zn. Red. uzávierka 15.1.2004 
650 0 7 |a turistika  |2 SNK  |9 683 
651 7 |a Vysoké Tatry (Poľsko a Slovensko : pohorie)  |2 SNKPHgeo  |9 67729 
651 7 |a Vysoké Tatry (Poľsko a Slovensko : pohorie)  |2 SNK  |9 67729 
655 7 |a turistické mapy  |2 SNK  |9 70551 
830 0 |a Edícia turistických máp  |9 295991 
919 |a 80-8042-411-X 
923 |a turistická  |b skladaná  |c pre verejnosť 
999 |c 1161339  |d 1163269 
952 |t P60, <03>, [BOOK], {603}  |a SNK  |b SNK  |y PREZ  |7 0  |p 17A0430650  |o snkSLCm 2363  |i snkKSP 7121/2004  |0 0  |1 0  |4 0  |d 2004-05-31  |l 0  |r 2005-01-02 00:00:00  |w 2026-02-24 
952 |t P60, <04>, [BOOK], {604}  |a SNK  |b SNK  |y VYP  |7 0  |p 17A0430651  |o snkSLCm 2363 D1  |i snkKSP 7122/2004  |0 0  |1 0  |4 0  |d 2004-05-31  |l 0  |r 2005-01-02 00:00:00  |w 2026-02-24 
952 |t P60, <03>, [BOOK], {603}  |a SNK  |b SNK  |y PREZ  |7 0  |p 17A0430649  |o snkSLCm 2363/príl.  |i snkKSP 7121/2004  |0 0  |1 0  |4 0  |d 2004-05-31  |l 0  |r 2005-01-02 00:00:00  |w 2026-02-24 
952 |t P60, <04>, [BOOK], {604}  |a SNK  |b SNK  |y VYP  |7 0  |p 17A0430652  |o snkSLCm 2363/príl.D1  |i snkKSP 7122/2004  |0 0  |1 0  |4 0  |d 2004-05-31  |l 0  |r 2005-01-02 00:00:00  |w 2026-02-24